书目信息 |
| 题名: |
《工程静力学》《工程动力学》辅导与习题解答
|
|
| 作者: | 贾启芬 主编 | |
| 分册: | ||
| 出版信息: | 天津 天津大学出版社 2001.1 |
|
| 页数: | 436页 | |
| 开本: | 20cm | |
| 丛书名: | ||
| 单 册: | ||
| 中图分类: | TB12 | |
| 科图分类: | ||
| 主题词: | 工程力学 | |
| 电子资源: | ||
| ISBN: | 7-5618-1376-7 | |
| 000 | 00618nam0 2200193 45 | |
| 001 | 0253746580 | |
| 005 | 2002100814554660 | |
| 010 | @a7-5618-1376-7@dRMB 21.00 | |
| 100 | @a20021008d2001 km y0chiy0120 ea | |
| 101 | 0 | @achi |
| 102 | @aCN@b120000 | |
| 200 | 1 | @a《工程静力学》《工程动力学》辅导与习题解答@A《gong cheng jing li xue》《gong cheng dong li xue》fu dao yu xi ti jie da@f贾启芬等主编@FJia Qi Fen Deng Zhu Bian |
| 210 | @a天津@c天津大学出版社@d2001.1 | |
| 215 | @a436页@d20cm | |
| 606 | 0 | @a工程力学 |
| 690 | @aTB12@v3 | |
| 701 | 0 | @a贾启芬@AJia Qi Fen@4主编 |
| 801 | 0 | @aCN@bPFT@c20021008 |
| 905 | @dTB12@eJ243 | |
| 《工程静力学》《工程动力学》辅导与习题解答/贾启芬等主编.-天津:天津大学出版社,2001.1 |
| 436页;20cm |
| ISBN 7-5618-1376-7:RMB 21.00 |
| ● |
| 相关链接 |
|
|
|
正题名:《工程静力学》《工程动力学》辅导与习题解
索取号:TB12/J243
 
预约/预借
| 序号 | 登录号 | 条形码 | 馆藏地/架位号 | 状态 | 备注 |
| 1 | 356549 | 203565490 | 自科二线504/504自科库 31排1列1层/ [索取号:TB12/J243] | 在馆 | |
| 2 | 356550 | 203565506 | 期刊室512/501自科库 2排3列4层/ [索取号:TB12/J243] | 在馆 | |
| 3 | 356551 | 203565515 | 自科二线504/504自科库 31排1列4层/ [索取号:TB12/J243] | 在馆 | |
| 4 | 356552 | 203565524 | 自科二线504/504自科库 31排1列4层/ [索取号:TB12/J243] | 在馆 | |
| 5 | 356553 | 203565533 | 自科库501/501自科库 2排3列4层/ [索取号:TB12/J243] | 在馆 | |
| 6 | 360784 | 203607846 | 自科二线504/504自科库 31排1列1层/ [索取号:TB12/J243] | 在馆 | |
| 7 | 360785 | 203607855 | 自科库501/501自科库 2排3列4层/ [索取号:TB12/J243] | 在馆 | |
| 8 | 360786 | 203607864 | 期刊室512/501自科库 2排3列4层/ [索取号:TB12/J243] | 在馆 |